[Event "Wch U18 Girls"]
[Site "Durban"]
[Date "2014.09.23"]
[Round "5"]
[White "Regam, Jessica"]
[Black "Schmalhorst, Sophia"]
[Result "1/2-1/2"]
[WhiteElo "2031"]
[BlackElo "1903"]
[PlyCount "90"]
[EventDate "2014.09.20"]
[EventType "swiss"]
[EventRounds "11"]
[EventCountry "RSA"]
[SourceTitle "CBM 162 Extra"]
[Source "ChessBase"]
[SourceDate "2014.10.17"]
[SourceVersion "1"]
[SourceVersionDate "2014.10.17"]
[SourceQuality "1"]

1. e4 e5 2. Nf3 Nc6 3. Bb5 a6 4. Ba4 Nge7 5. c3 g6 6. 0-0 Bg7 7. d4 exd4 8. cxd4 b5 9. Bb3 d6 10. h3 0-0 11. Nc3 Na5 12. Bc2 c5 13. Bg5 Qc7 14. Rc1 Re8 15. Bb1 Qa7 16. dxc5 dxc5 17. b3 Be6 18. Be3 Rad8 19. Qe1 Nb7 20. Ne2 f5 21. Ng5 Bc8 22. b4 Bd4 23. Nxd4 cxd4 24. Bf4 Nd5 25. Qd2 Nxf4 26. Qxf4 Nd6 27. exf5 Bxf5 28. Bxf5 gxf5 29. Rc6 Qd7 30. Rxa6 Ne4 31. Nxe4 fxe4 32. Rc1 e3 33. fxe3 dxe3 34. Re1 e2 35. Rf6 Qa7+ 36. Kh2 Qxa2 37. Qg5+ Kh8 38. Rf4 Qb2 39. Qh5 Qe5 40. Qxe5+ Rxe5 41. Kg3 Rde8 42. Kf3 Re3+ 43. Kf2 R3e4 44. Kf3 Re3+ 45. Kf2 R3e4 1/2-1/2

[Event "Dresden ZMD op 23rd"]
[Site "Dresden"]
[Date "2014.08.16"]
[Round "2"]
[White "Juergens, Klaus"]
[Black "Schmalhorst, Sophia"]
[Result "1-0"]
[WhiteElo "2131"]
[BlackElo "1943"]
[PlyCount "69"]
[EventDate "2014.08.15"]
[EventType "swiss"]
[EventRounds "9"]
[EventCountry "GER"]
[SourceTitle "CBM 161 Extra"]
[Source "ChessBase"]
[SourceDate "2014.08.29"]
[SourceVersion "1"]
[SourceVersionDate "2014.08.29"]
[SourceQuality "1"]

1. Nf3 Nf6 2. c4 e6 3. g3 b6 4. Bg2 Bb7 5. 0-0 Be7 6. Nc3 d5 7. d4 0-0 8. cxd5 Nxd5 9. Re1 Nxc3 10. bxc3 Be4 11. Ne5 Bxg2 12. Kxg2 Nc6 13. Nxc6 Qd5+ 14. e4 Qxc6 15. Qf3 Rfd8 16. Bf4 Qc4 17. Rad1 c5 18. d5 exd5 19. exd5 Bd6 20. Re4 Qxa2 21. Rd2 Qb3 22. Bxd6 Rxd6 23. Re7 Rf6 24. Qe4 Kf8 25. d6 Rd8 26. Qxh7 Rh6 27. Qe4 Re6 28. Qh4 Rh6 29. Rxf7+ Qxf7 30. Qxd8+ Qe8 31. Qc7 Qe4+ 32. f3 Qe3 33. Qc8+ Kf7 34. Qf5+ Rf6 35. Qd5+ 1-0

[Event "GER-ch U18 Girls"]
[Site "Magdeburg"]
[Date "2014.06.14"]
[Round "9"]
[White "Schmalhorst, Sophia"]
[Black "Winterholler, Christina"]
[Result "1-0"]
[WhiteElo "1964"]
[BlackElo "1929"]
[PlyCount "142"]
[EventDate "2014.06.08"]
[EventType "swiss"]
[EventRounds "9"]
[EventCountry "GER"]
[SourceTitle "CBM 160 Extra"]
[Source "ChessBase"]
[SourceDate "2014.07.01"]
[SourceVersion "1"]
[SourceVersionDate "2014.07.01"]
[SourceQuality "1"]

1. e4 e5 2. Nf3 Nc6 3. Bc4 Bc5 4. c3 Nf6 5. d3 a6 6. Bb3 Ba7 7. Nbd2 d6 8. Nf1 Ne7 9. Ng3 Ng6 10. Bg5 h6 11. Bxf6 gxf6 12. Nd2 Nf4 13. Qf3 Rg8 14. h3 Qe7 15. Ndf1 Be6 16. 0-0-0 0-0-0 17. Ne3 Qd7 18. Rhg1 Qb5 19. Kc2 Qc5 20. Nh5 Nxh5 21. Qxh5 Bxb3+ 22. axb3 Rg6 23. Qf3 c6 24. b4 Qb6 25. Nf5 Qc7 26. Nh4 Rg5 27. Qxf6 d5 28. Qxh6 Rdg8 29. Qf6 Kb8 30. Qf3 d4 31. Nf5 c5 32. bxc5 Bxc5 33. c4 b5 34. Ra1 R5g6 35. h4 Bb4 36. b3 Rc6 37. Qe2 Rd8 38. Rgc1 bxc4 39. bxc4 Rxc4+ 40. Kd1 Rc3 41. Rxc3 Qxc3 42. Rc1 Qb3+ 43. Qc2 Qc3 44. Qxc3 dxc3 45. Kc2 Rg8 46. g3 a5 47. Rb1 Kc7 48. f3 Kd7 49. g4 Ke6 50. Ne3 Rh8 51. h5 Kf6 52. Nd5+ Kg5 53. Nxb4 axb4 54. Rxb4 Kf4 55. Rb7 Rh7 56. Re7 Kxf3 57. Rxe5 f6 58. Rf5+ Kxg4 59. Kxc3 Rc7+ 60. Kd4 Rd7+ 61. Ke3 Rh7 62. Rxf6 Kxh5 63. d4 Ra7 64. Kf4 Ra1 65. d5 Rf1+ 66. Ke5 Ra1 67. Rf8 Ra5 68. Rg8 Kh6 69. Ke6 Ra6+ 70. d6 Kh7 71. Rg1 Ra7 1-0

[Event "GER-ch U18 Girls"]
[Site "Magdeburg"]
[Date "2014.06.11"]
[Round "6"]
[White "Schmalhorst, Sophia"]
[Black "Steimbach, Isabel"]
[Result "1/2-1/2"]
[WhiteElo "1964"]
[BlackElo "1851"]
[PlyCount "84"]
[EventDate "2014.06.08"]
[EventType "swiss"]
[EventRounds "9"]
[EventCountry "GER"]
[SourceTitle "CBM 160 Extra"]
[Source "ChessBase"]
[SourceDate "2014.07.01"]
[SourceVersion "1"]
[SourceVersionDate "2014.07.01"]
[SourceQuality "1"]

1. e4 c5 2. Nf3 d6 3. Nc3 a6 4. g3 Nc6 5. Bg2 g6 6. d4 cxd4 7. Nxd4 Bg7 8. Be3 Bd7 9. 0-0 Nf6 10. h3 0-0 11. Re1 Qc7 12. Nd5 Nxd5 13. exd5 Ne5 14. Bg5 Rfe8 15. b3 h6 16. Be3 Bc8 17. Rc1 Nd7 18. c4 Qa5 19. Qc2 Nc5 20. Rcd1 Bxd4 21. Bxd4 Bf5 22. Qc1 g5 23. h4 Nd3 24. Rxd3 Bxd3 25. hxg5 hxg5 26. Qxg5+ Bg6 27. Re4 e5 28. Be3 Qd8 29. Qh6 Qf6 30. Rh4 Qg7 31. Qg5 Bb1 32. Qh5 Bg6 33. Qf3 f5 34. Bh3 Qf7 35. Bd2 Kf8 36. Qe3 Rab8 37. Qh6+ Qg7 38. Qg5 Bh7 39. Qh5 Bg6 40. Qg5 Bh7 41. Qh5 Bg6 42. Qg5 Bh7 1/2-1/2

[Event "GER-ch U18 Girls"]
[Site "Magdeburg"]
[Date "2014.06.10"]
[Round "4"]
[White "Schmalhorst, Sophia"]
[Black "Lagunow, Elina"]
[Result "1-0"]
[WhiteElo "1964"]
[BlackElo "1861"]
[PlyCount "69"]
[EventDate "2014.06.08"]
[EventType "swiss"]
[EventRounds "9"]
[EventCountry "GER"]
[SourceTitle "CBM 160 Extra"]
[Source "ChessBase"]
[SourceDate "2014.07.01"]
[SourceVersion "1"]
[SourceVersionDate "2014.07.01"]
[SourceQuality "1"]

1. e4 c5 2. Nf3 Nc6 3. d4 cxd4 4. Nxd4 g6 5. Nc3 Bg7 6. Be3 Nf6 7. Bc4 Qa5 8. 0-0 0-0 9. Bb3 d6 10. h3 Bd7 11. Re1 Rfe8 12. Qe2 Rac8 13. Rad1 a6 14. f4 Qc7 15. Nf3 b5 16. a3 Na5 17. e5 dxe5 18. fxe5 Nh5 19. Bxf7+ Kxf7 20. Rxd7 Qxd7 21. e6+ Kxe6 22. Ng5+ Kd6 23. Rd1+ Kc7 24. Rxd7+ Kxd7 25. Qd2+ Kc7 26. Nd5+ Kc6 27. Nb4+ Kb7 28. Qd5+ Nc6 29. Nxc6 Rc7 30. Nb4+ Kc8 31. Qe6+ Rd7 32. Qxa6+ Rb7 33. Qa8+ Rb8 34. Qc6+ Kd8 35. Ne6# 1-0

[Event "GER-ch U18 Girls"]
[Site "Magdeburg"]
[Date "2014.06.08"]
[Round "2"]
[White "Schmalhorst, Sophia"]
[Black "Polert, Annika"]
[Result "1/2-1/2"]
[WhiteElo "1964"]
[BlackElo "1785"]
[PlyCount "67"]
[EventDate "2014.06.08"]
[EventType "swiss"]
[EventRounds "9"]
[EventCountry "GER"]
[SourceTitle "CBM 160 Extra"]
[Source "ChessBase"]
[SourceDate "2014.07.01"]
[SourceVersion "1"]
[SourceVersionDate "2014.07.01"]
[SourceQuality "1"]

1. e4 c5 2. Nf3 Nc6 3. d4 cxd4 4. Nxd4 e5 5. Nb5 a6 6. Nd6+ Bxd6 7. Qxd6 Qf6 8. Qxf6 Nxf6 9. Nc3 Nb4 10. Kd2 d5 11. a3 d4 12. axb4 dxc3+ 13. Ke3 cxb2 14. Bxb2 Be6 15. f3 Nd7 16. Ra5 Rc8 17. Bd3 f6 18. b5 axb5 19. Rxb5 b6 20. Rb1 Kf7 21. g3 g5 22. Bc1 h5 23. Ke2 Bc4 24. R5b2 h4 25. g4 Bxd3+ 26. cxd3 Rc6 27. Be3 Rhc8 28. Kd2 Rc3 29. h3 R8c6 30. Bf2 Rc7 31. Ra1 Ke7 32. Rab1 Kf7 33. Ra1 Ke7 34. Rab1 1/2-1/2

[Event "GER-chT U20 Girls"]
[Site "Osnabrueck"]
[Date "2013.12.29"]
[Round "6.2"]
[White "Nitzsche, Pia"]
[Black "Schmalhorst, Sophia"]
[Result "1/2-1/2"]
[WhiteElo "1684"]
[BlackElo "1934"]
[PlyCount "64"]
[EventDate "2013.12.27"]
[EventType "team-swiss"]
[EventRounds "7"]
[EventCountry "GER"]
[SourceTitle "EXT 2015"]
[Source "ChessBase"]
[SourceDate "2014.11.20"]
[SourceVersion "1"]
[SourceVersionDate "2014.11.20"]
[SourceQuality "1"]
[WhiteTeam "Chemnitz II"]
[BlackTeam "Schott Mainz"]
[WhiteTeamCountry "GER"]
[BlackTeamCountry "GER"]

1. c4 e6 2. g3 d5 3. Bg2 Nf6 4. Nf3 Be7 5. 0-0 0-0 6. b3 c5 7. Bb2 Nc6 8. e3 dxc4 9. bxc4 Qd3 10. Qb3 Rd8 11. Na3 Qxb3 12. axb3 Ne4 13. d4 Na5 14. Nb5 Nxb3 15. Rxa7 Rxa7 16. Nxa7 Bd7 17. Ne5 Ned2 18. Rd1 Ra8 19. Nxd7 Rxa7 20. Ne5 f6 21. Nd7 Nxc4 22. Bc3 b5 23. Nxc5 Nxc5 24. dxc5 Bxc5 25. Rb1 Na3 26. Rb3 Rd7 27. Bf3 Kf7 28. Be2 Rb7 29. Bb2 Ra7 30. Bxa3 Rxa3 31. Rxa3 Bxa3 32. Bxb5 Bd6 1/2-1/2

[Event "GER-chT U20 Girls"]
[Site "Osnabrueck"]
[Date "2013.12.27"]
[Round "2.2"]
[White "Boehm, Jana"]
[Black "Schmalhorst, Sophia"]
[Result "1/2-1/2"]
[WhiteElo "1715"]
[BlackElo "1934"]
[PlyCount "75"]
[EventDate "2013.12.27"]
[EventType "team-swiss"]
[EventRounds "7"]
[EventCountry "GER"]
[SourceTitle "EXT 2015"]
[Source "ChessBase"]
[SourceDate "2014.11.20"]
[SourceVersion "1"]
[SourceVersionDate "2014.11.20"]
[SourceQuality "1"]
[WhiteTeam "Lehrte"]
[BlackTeam "Schott Mainz"]
[WhiteTeamCountry "GER"]
[BlackTeamCountry "GER"]

1. e4 e5 2. Nf3 Nc6 3. Bb5 Nge7 4. c3 g6 5. d4 exd4 6. cxd4 d5 7. exd5 Qxd5 8. Nc3 Qe6+ 9. Be3 Nd5 10. Qe2 Bb4 11. Rc1 0-0 12. 0-0 Nce7 13. Ng5 Qb6 14. Na4 Qf6 15. Ne4 Qg7 16. a3 Ba5 17. b4 Bb6 18. Qd2 Nf5 19. Nac5 c6 20. Bc4 Re8 21. Bxd5 cxd5 22. Nc3 Be6 23. Nxb7 Nxd4 24. Bxd4 Bxd4 25. Nb5 Bb6 26. Nc7 Bxc7 27. Rxc7 Rec8 28. Rc5 Rab8 29. Rxc8+ Rxc8 30. Nc5 Qf6 31. Rd1 Bg4 32. f3 Be6 33. Qd4 Qxd4+ 34. Rxd4 Kg7 35. Kf2 Kf6 36. f4 Rd8 37. Kf3 Bf5 38. g4 1/2-1/2

[Event "GER-chT U20 Girls"]
[Site "Osnabrueck"]
[Date "2013.12.27"]
[Round "1.2"]
[White "Schmalhorst, Sophia"]
[Black "Koch, Elisabeth"]
[Result "1/2-1/2"]
[WhiteElo "1934"]
[BlackElo "1609"]
[PlyCount "62"]
[EventDate "2013.12.27"]
[EventType "team-swiss"]
[EventRounds "7"]
[EventCountry "GER"]
[SourceTitle "EXT 2015"]
[Source "ChessBase"]
[SourceDate "2014.11.20"]
[SourceVersion "1"]
[SourceVersionDate "2014.11.20"]
[SourceQuality "1"]
[WhiteTeam "Schott Mainz"]
[BlackTeam "Weissensee Chemie"]
[WhiteTeamCountry "GER"]
[BlackTeamCountry "GER"]

1. e4 e5 2. Nf3 Nc6 3. Bc4 Nf6 4. d3 Bc5 5. c3 d6 6. Nbd2 a6 7. Bb3 0-0 8. h3 Ba7 9. Nf1 h6 10. g4 d5 11. Qe2 dxe4 12. dxe4 Qe7 13. Ng3 Rd8 14. Nf5 Qc5 15. Be3 Qa5 16. Bxa7 Rxa7 17. 0-0 Bxf5 18. gxf5 Qc5 19. Nh2 Na5 20. Ng4 Nxg4 21. hxg4 Nxb3 22. axb3 Raa8 23. Rfd1 Qe7 24. Kg2 Qg5 25. f3 Rxd1 26. Rxd1 Rd8 27. Rxd8+ Qxd8 28. b4 Kf8 29. Qe3 Qd6 30. Kg3 Ke7 31. Qe2 Kd7 1/2-1/2

[Event "GER-ch U18 Girls"]
[Site "Oberhof"]
[Date "2013.05.21"]
[Round "5"]
[White "Kuckling, Hannah"]
[Black "Schmalhorst, Sophia"]
[Result "1-0"]
[WhiteElo "1909"]
[BlackElo "1925"]
[PlyCount "111"]
[EventDate "2013.05.19"]
[EventType "swiss"]
[EventRounds "9"]
[EventCountry "GER"]
[SourceTitle "CBM 154 Extra"]
[Source "ChessBase"]
[SourceDate "2013.06.25"]
[SourceVersion "2"]
[SourceVersionDate "2013.06.25"]
[SourceQuality "1"]

1. e4 e5 2. Nf3 Nc6 3. Bb5 a6 4. Ba4 Nf6 5. 0-0 b5 6. Bb3 Be7 7. Re1 0-0 8. h3 d6 9. c3 Nb8 10. d4 Nbd7 11. Nbd2 Bb7 12. Bc2 Re8 13. Nf1 Bf8 14. Ng3 g6 15. Bb3 Bg7 16. Bd2 c5 17. Ng5 Re7 18. d5 c4 19. Bc2 Nc5 20. Be3 Qc7 21. Qd2 Ree8 22. Nf3 Bc8 23. Nh2 Bb7 24. Ng4 Rac8 25. Nxf6+ Bxf6 26. Nf1 Bg7 27. Nh2 Rf8 28. Ng4 f5 29. exf5 gxf5 30. Nh6+ Bxh6 31. Bxh6 Rf6 32. Bg5 Rf7 33. Rad1 Kh8 34. Qe2 Rg8 35. Qh5 e4 36. Be3 Rg6 37. f3 Nd3 38. Bxd3 exd3 39. Bd4+ Kg8 40. Re8+ Rf8 41. Rde1 d2 42. Rxf8+ Kxf8 43. Qxf5+ Qf7 44. Qxf7+ Kxf7 45. Rd1 Bxd5 46. Rxd2 Be6 47. Kf2 Rg8 48. g4 h5 49. Kg3 d5 50. Re2 a5 51. a3 hxg4 52. hxg4 Rb8 53. Rh2 b4 54. Rh7+ Kg6 55. Rg7+ Kh6 56. Kh4 1-0

[Event "GER-chT U20 Girls"]
[Site "Osnabrueck"]
[Date "2012.12.30"]
[Round "7.3"]
[White "Fischer, Franziska"]
[Black "Schmalhorst, Sophia"]
[Result "0-1"]
[WhiteElo "1561"]
[BlackElo "1912"]
[PlyCount "118"]
[EventDate "2012.12.27"]
[EventType "team-swiss"]
[EventRounds "7"]
[EventCountry "GER"]
[SourceTitle "EXT 2014"]
[Source "ChessBase"]
[SourceDate "2013.11.20"]
[SourceVersion "1"]
[SourceVersionDate "2013.11.20"]
[SourceQuality "1"]
[WhiteTeam "Chemnitz Aufbau"]
[BlackTeam "Rossdorf"]
[WhiteTeamCountry "GER"]
[BlackTeamCountry "GER"]

1. d4 Nf6 2. e3 e6 3. Bd3 b6 4. f4 Bb7 5. Nf3 c5 6. c3 Be7 7. 0-0 0-0 8. Nbd2 d6 9. Ng5 Nbd7 10. Nge4 Qc7 11. Ng3 Rfe8 12. Nf3 Bf8 13. e4 cxd4 14. Nxd4 Nc5 15. Bb5 Red8 16. f5 e5 17. Nf3 Ncxe4 18. Nxe4 Bxe4 19. Qe2 d5 20. Bg5 Be7 21. Nd2 Ne8 22. Bxe7 Qxe7 23. Bxe8 Qxe8 24. Nxe4 dxe4 25. Qxe4 f6 26. Rad1 Qb5 27. b3 Qc5+ 28. Kh1 Qxc3 29. Rc1 Qd4 30. Qc6 Qd5 31. Qc2 Qd2 32. Qc4+ Kh8 33. Rc2 Qd3 34. h3 Qxc4 35. Rxc4 h6 36. Rf2 Rac8 37. Re4 Rc1+ 38. Kh2 Rcd1 39. Rc4 R1d2 40. Rc2 Rxf2 41. Rxf2 Kg8 42. Rc2 Rd7 43. Kg3 Kf7 44. Kf3 Ke7 45. Rc6 Kd8 46. Rc2 Rd4 47. Ke3 Kd7 48. g3 Rd1 49. Kf3 Rd3+ 50. Kf2 Kd6 51. h4 e4 52. Rc4 Ke5 53. g4 Kf4 54. Ke2 Rh3 55. g5 Rxh4 56. gxf6 gxf6 57. a4 Rh2+ 58. Ke1 Rh3 59. b4 Ra3 0-1

[Event "GER-chT U20 Girls"]
[Site "Osnabrueck"]
[Date "2012.12.29"]
[Round "6.3"]
[White "Schmalhorst, Sophia"]
[Black "Mehling, Katharina"]
[Result "1-0"]
[WhiteElo "1912"]
[BlackElo "1728"]
[PlyCount "103"]
[EventDate "2012.12.27"]
[EventType "team-swiss"]
[EventRounds "7"]
[EventCountry "GER"]
[SourceTitle "EXT 2014"]
[Source "ChessBase"]
[SourceDate "2013.11.20"]
[SourceVersion "1"]
[SourceVersionDate "2013.11.20"]
[SourceQuality "1"]
[WhiteTeam "Rossdorf"]
[BlackTeam "Stetten"]
[WhiteTeamCountry "GER"]
[BlackTeamCountry "GER"]

1. e4 e6 2. d4 d5 3. Nc3 Nf6 4. exd5 Nxd5 5. Nf3 Bb4 6. Bd2 Nxc3 7. bxc3 Bd6 8. Bd3 Nd7 9. 0-0 h6 10. Re1 0-0 11. Rb1 c5 12. Ne5 Qc7 13. Qe2 Rb8 14. h3 b6 15. Nxd7 Qxd7 16. Qe4 f5 17. Qe2 Kh8 18. Bc4 Rf6 19. Rbd1 Rg6 20. Qh5 Qf7 21. Qe2 Bb7 22. f3 Bd5 23. Be3 cxd4 24. cxd4 Rc8 25. Bb3 Rc3 26. Rd3 Rxd3 27. cxd3 Qb7 28. Bxd5 exd5 29. Bf2 Rf6 30. Qe8+ Kh7 31. Re6 Qb8 32. Qd7 Qc7 33. Qxc7 Bxc7 34. Re7 Bb8 35. Rb7 Bd6 36. Rxa7 Bb4 37. Rd7 Rd6 38. Rxd6 Bxd6 39. g4 f4 40. Kf1 Kg8 41. Ke2 Kf7 42. Kd2 Ke6 43. Kc3 Kd7 44. Kb3 Kc6 45. Be1 Kb5 46. h4 g6 47. h5 g5 48. a4+ Kc6 49. Bb4 Kc7 50. Bxd6+ Kxd6 51. Kb4 Kc6 52. a5 1-0

[Event "EU-ch U16 Girls"]
[Site "Prague"]
[Date "2012.08.18"]
[Round "2"]
[White "Schmalhorst, Sophia"]
[Black "Bezkorovaina, Marija"]
[Result "0-1"]
[WhiteElo "1905"]
[BlackElo "2056"]
[PlyCount "60"]
[EventDate "2012.08.17"]
[EventType "swiss"]
[EventRounds "9"]
[EventCountry "CZE"]
[SourceTitle "CBM 150 Extra"]
[Source "ChessBase"]
[SourceDate "2012.10.19"]
[SourceVersion "1"]
[SourceVersionDate "2012.10.19"]
[SourceQuality "1"]

1. e4 c5 2. Nf3 Nc6 3. d4 cxd4 4. Nxd4 e5 5. Nb5 d6 6. N1c3 a6 7. Na3 b5 8. Nd5 Nge7 9. Bg5 Be6 10. c3 f5 11. Bd3 g6 12. Nf6+ Kf7 13. exf5 gxf5 14. Qh5+ Ng6 15. Ng4 Qd7 16. Bf6 Bg7 17. Bxg7 Kxg7 18. Qh6+ Kf7 19. Ne3 b4 20. Nac4 e4 21. Be2 f4 22. Nb6 Qa7 23. Nec4 Rad8 24. Bh5 d5 25. Bxg6+ hxg6 26. Qxf4+ Kg7 27. Rd1 dxc4 28. Rxd8 Rxd8 29. Qxe4 Re8 30. Nxc4 Bf7 0-1

[Event "EU-ch U16 Girls"]
[Site "Prague"]
[Date "2012.08.17"]
[Round "1"]
[White "Pistovcakova, Aneta"]
[Black "Schmalhorst, Sophia"]
[Result "0-1"]
[WhiteElo "1642"]
[BlackElo "1905"]
[PlyCount "76"]
[EventDate "2012.08.17"]
[EventType "swiss"]
[EventRounds "9"]
[EventCountry "CZE"]
[SourceTitle "CBM 150 Extra"]
[Source "ChessBase"]
[SourceDate "2012.10.19"]
[SourceVersion "1"]
[SourceVersionDate "2012.10.19"]
[SourceQuality "1"]

1. e4 e5 2. Nf3 Nc6 3. Bc4 Bc5 4. c3 Nf6 5. d3 d6 6. Bb3 Bb6 7. Nbd2 Ne7 8. h3 Ng6 9. Nc4 0-0 10. Nxb6 axb6 11. 0-0 h6 12. Bc2 Re8 13. Nh2 Be6 14. a3 d5 15. Qe2 b5 16. Be3 dxe4 17. Rad1 exd3 18. Bxd3 Qe7 19. Bxb5 c6 20. Bc4 Bxc4 21. Qxc4 Nd5 22. Bc5 Qf6 23. Ng4 Qg5 24. Be3 Ngf4 25. Bxf4 Nxf4 26. Kh2 Rad8 27. Ne3 Qg6 28. g3 b5 29. Qa2 Nd3 30. b3 e4 31. c4 Ne5 32. cxb5 cxb5 33. Kg2 Rd3 34. Rd2 Red8 35. Rfd1 Qd6 36. Rxd3 exd3 37. Rd2 Qc6+ 38. Kg1 Nf3+ 0-1

[Event "GER-chT Federal Cup (Women)"]
[Site "Braunfels"]
[Date "2012.06.10"]
[Round "5.6"]
[White "Butschek, Tanja"]
[Black "Schmalhorst, Sophia"]
[Result "0-1"]
[WhiteElo "2043"]
[BlackElo "1866"]
[PlyCount "110"]
[EventDate "2012.06.07"]
[EventType "team-swiss"]
[EventRounds "5"]
[EventCountry "GER"]
[SourceTitle "CBM 149 Extra"]
[Source "ChessBase"]
[SourceDate "2012.08.24"]
[SourceVersion "1"]
[SourceVersionDate "2012.08.24"]
[SourceQuality "1"]
[WhiteTeam "Nordrhein Westfalen (W)"]
[BlackTeam "Hessen (W)"]
[WhiteTeamCountry "GER"]
[BlackTeamCountry "GER"]

1. e4 e5 2. Nf3 Nc6 3. Bb5 Nf6 4. 0-0 Bc5 5. d3 d6 6. Bg5 h6 7. Be3 Bb6 8. Nbd2 0-0 9. c3 Ne7 10. Bxb6 axb6 11. d4 Ng6 12. Re1 c6 13. Ba4 Re8 14. Bc2 Be6 15. Qe2 Nh7 16. dxe5 dxe5 17. Nc4 Nf4 18. Qf1 Bxc4 19. Qxc4 Ng5 20. Re3 Nxf3+ 21. Rxf3 b5 22. Qf1 Qd2 23. Bb3 Qxb2 24. Re1 Ne6 25. g3 Rad8 26. h4 Qa3 27. Qh3 Qe7 28. Qf5 f6 29. g4 c5 30. Bd5 Kh8 31. Rb1 Nf4 32. g5 Nxd5 33. exd5 fxg5 34. hxg5 Rf8 35. Qg4 Rxf3 36. Qxf3 Qxg5+ 37. Kf1 Qh4 38. Rxb5 Qc4+ 39. Qe2 Qxd5 40. Kg1 Rd6 41. Qh5 Qc6 42. Ra5 Rg6+ 43. Kf1 Qg2+ 44. Ke2 Qe4+ 45. Kf1 Qd3+ 46. Qe2 Rg1+ 47. Kxg1 Qxe2 48. Rxc5 Qxa2 49. Rc7 Qb1+ 50. Kg2 Qe4+ 51. Kg3 h5 52. f3 Qf4+ 53. Kg2 h4 54. Rxb7 Qg3+ 55. Kh1 Qxf3+ 0-1

[Event "GER-chT Federal Cup (Women)"]
[Site "Braunfels"]
[Date "2012.06.08"]
[Round "3.6"]
[White "Neumeyer, Hannelore"]
[Black "Schmalhorst, Sophia"]
[Result "0-1"]
[WhiteElo "2015"]
[BlackElo "1866"]
[PlyCount "56"]
[EventDate "2012.06.07"]
[EventType "team-swiss"]
[EventRounds "5"]
[EventCountry "GER"]
[SourceTitle "CBM 149 Extra"]
[Source "ChessBase"]
[SourceDate "2012.08.24"]
[SourceVersion "1"]
[SourceVersionDate "2012.08.24"]
[SourceQuality "1"]
[WhiteTeam "Sachsen (W)"]
[BlackTeam "Hessen (W)"]
[WhiteTeamCountry "GER"]
[BlackTeamCountry "GER"]

1. d4 Nf6 2. Nc3 d5 3. e4 Nxe4 4. Nxe4 dxe4 5. Bc4 Nc6 6. c3 e5 7. d5 Ne7 8. Qb3 Nf5 9. Bb5+ Bd7 10. Bxd7+ Qxd7 11. Qxb7 Rd8 12. Qc6 Qxc6 13. dxc6 Rd6 14. g4 Nh4 15. Bg5 Nf3+ 16. Nxf3 exf3 17. Be3 h6 18. Bc5 Rxc6 19. Bxf8 Rxf8 20. 0-0-0 f5 21. Rd5 fxg4 22. Rxe5+ Kf7 23. Rd1 Kf6 24. Re4 Kg5 25. h4+ gxh3 26. Rg1+ Kf5 27. Rgg4 g5 28. Rd4 h2 0-1

[Event "GER-chT Federal Cup (Women)"]
[Site "Braunfels"]
[Date "2012.06.07"]
[Round "1.6"]
[White "Pump, Karen"]
[Black "Schmalhorst, Sophia"]
[Result "1-0"]
[WhiteElo "1671"]
[BlackElo "1866"]
[PlyCount "69"]
[EventDate "2012.06.07"]
[EventType "team-swiss"]
[EventRounds "5"]
[EventCountry "GER"]
[SourceTitle "CBM 149 Extra"]
[Source "ChessBase"]
[SourceDate "2012.08.24"]
[SourceVersion "1"]
[SourceVersionDate "2012.08.24"]
[SourceQuality "1"]
[WhiteTeam "Hamburg (W)"]
[BlackTeam "Hessen (W)"]
[WhiteTeamCountry "GER"]
[BlackTeamCountry "GER"]

1. e4 e5 2. Nc3 Nc6 3. f4 Bb4 4. Nf3 d6 5. d3 Nge7 6. Be2 0-0 7. 0-0 f5 8. fxe5 dxe5 9. Bd2 Bc5+ 10. Kh1 a5 11. exf5 Bxf5 12. Ne4 Ba7 13. Bc3 Nd5 14. Bd2 Qe8 15. Qe1 Rd8 16. a3 Be3 17. Bd1 Bxd2 18. Nfxd2 Qg6 19. Bf3 Nd4 20. Rc1 Nf4 21. Ng3 Bxd3 22. cxd3 Nxd3 23. Qe3 Nxc1 24. Rxc1 c6 25. Qxe5 Rfe8 26. Qc5 Qh6 27. Qc3 Kh8 28. Nc4 Nxf3 29. gxf3 Qe6 30. Ne4 Rf8 31. Rg1 Qf7 32. Ng5 Qf6 33. Ne6 Qxc3 34. bxc3 Rxf3 35. Nxd8 1-0

[Event "GER-ch U16 Girls"]
[Site "Oberhof"]
[Date "2012.06.02"]
[Round "9"]
[White "Schmalhorst, Sophia"]
[Black "Schaefer, Annabelle"]
[Result "1-0"]
[WhiteElo "1889"]
[BlackElo "1835"]
[PlyCount "99"]
[EventDate "2012.05.27"]
[EventType "swiss"]
[EventRounds "9"]
[EventCountry "GER"]
[SourceTitle "CBM 148 Extra"]
[Source "ChessBase"]
[SourceDate "2012.06.22"]
[SourceVersion "1"]
[SourceVersionDate "2012.06.22"]
[SourceQuality "1"]

1. d4 Nf6 2. c4 c5 3. Nf3 cxd4 4. Qxd4 Nc6 5. Qd2 d5 6. cxd5 Nxd5 7. e4 Ndb4 8. a3 Qxd2+ 9. Kxd2 Na6 10. Bxa6 bxa6 11. Nc3 Bg4 12. Nd5 0-0-0 13. Kc3 g6 14. Be3 Bg7+ 15. Kc2 e6 16. Nb4 Nxb4+ 17. axb4 Bxf3 18. gxf3 Kb7 19. b5 a5 20. Rxa5 Bd4 21. Rha1 Bxe3 22. fxe3 Rc8+ 23. Kb3 Ra8 24. Rd1 Rhd8 25. Raa1 Rac8 26. Rd4 Kb6 27. Ra6+ Kb7 28. Rad6 Rxd6 29. Rxd6 Rc7 30. Rd2 e5 31. Kb4 Kb6 32. b3 Kb7 33. Rd5 Re7 34. Rd6 Rc7 35. Rd3 Kb6 36. Rd5 Re7 37. Rd6+ Kc7 38. Kc5 Kb7 39. b6 axb6+ 40. Rxb6+ Kc7 41. Rc6+ Kb8 42. b4 Rd7 43. Rd6 Rc7+ 44. Kd5 Rb7 45. Kxe5 Rxb4 46. Rd7 Rb5+ 47. Kf6 Rh5 48. Rxf7 Rxh2 49. e5 Rh3 50. e6 1-0

[Event "GER-ch U16 Girls"]
[Site "Oberhof"]
[Date "2012.05.28"]
[Round "3"]
[White "Schmalhorst, Sophia"]
[Black "Polert, Annika"]
[Result "1-0"]
[WhiteElo "1889"]
[BlackElo "1830"]
[PlyCount "73"]
[EventDate "2012.05.27"]
[EventType "swiss"]
[EventRounds "9"]
[EventCountry "GER"]
[SourceTitle "CBM 148 Extra"]
[Source "ChessBase"]
[SourceDate "2012.06.22"]
[SourceVersion "1"]
[SourceVersionDate "2012.06.22"]
[SourceQuality "1"]

1. d4 d5 2. Nf3 Nf6 3. Bf4 c6 4. e3 Qb6 5. Qc1 Bf5 6. c4 e6 7. Nc3 Be7 8. h3 h6 9. Be2 0-0 10. c5 Qd8 11. 0-0 Nbd7 12. b4 g5 13. Bh2 Bg6 14. b5 Ne4 15. Nxe4 dxe4 16. Ne5 Nxe5 17. Bxe5 cxb5 18. Bxb5 a6 19. Be2 Qd5 20. Bc4 Qc6 21. Qb2 Kh7 22. Rab1 Qa4 23. Rfc1 b5 24. Bb3 Qa5 25. Bh2 Rac8 26. Qc3 Qd8 27. a4 Rc6 28. axb5 axb5 29. Qb4 Qc8 30. Qxb5 f5 31. Ba4 Ra6 32. Qd7 Qxd7 33. Bxd7 f4 34. c6 fxe3 35. fxe3 Ra2 36. Bxe6 Rff2 37. Bxa2 1-0